Investovanie kapitálu do krátkodobého majetku podniku bakalárska práca

Saved in:
Bibliographic Details
Main Author: Lašák, Mário
Corporate Author: Fakulta podnikového manažmentu EU. Katedra podnikových financií
Other Authors: Tóthová, Alena, 1968-
Format: Book
Language:Slovak
Published: Bratislava 2024
Tags: Add Tag
No Tags, Be the first to tag this record!

MARC

LEADER 00000nbm a2200000 4500
001 0304069
005 20250224110913.7
041 0 |a slo 
044 |a SK 
245 1 0 |a Investovanie kapitálu do krátkodobého majetku podniku  |b bakalárska práca  |c Mário Lašák ; školiteľ: Alena Tóthová 
264 1 |a Bratislava  |c 2024 
300 |a 50 s. 
100 1 |a Lašák, Mário 
700 1 |a Tóthová, Alena, 1968- 
710 2 |a Fakulta podnikového manažmentu EU. Katedra podnikových financií